000 01591nam0a2200349 4500
001 RU\NLR\bibl\936666
005 20260406043148.0
010 _a5-94693-039-7
_bВ пер.
021 _aRU
_b2006-9234
_9444
035 _a(NLR Aleph) 000924866
035 _a(nilc)RSL-KNO-002843084
090 _a122979
_c122979
100 _a20060317d2006 u y0rusy50 ca
101 0 _arus
102 _aRU
105 _aa |||||||||
106 _ar
200 1 _aТеория и практика шахматных окончаний
_fАлександр Панченко
210 _aМосква
_cRussian chess house
_d2006
_eУльяновск
_gУльяновский Дом печати
215 _a399, [1] с.
_cил.
_d22
225 1 _aШахматный университет
_v15
606 0 _aЭндшпиль (шахм.)
_jРуководства, пособия и т.п.
_91502382
_3RU\NLR\auth\66651419
610 0 _aКультура. Наука. Просвещение -- Физическая культура и спорт -- Шахматы -- Теория шахматной игры -- Стратегия и тактика шахматной игры. Шахматная партия -- Эндшпиль
686 _aЧ515.811.13,0
_2rubbk
686 _aЧ515.811.1я7
700 1 _4070
_8rus
_7ca
_aПанченко
_bА. Н.
_cпоэт
_f1960-
_gАлександр Николаевич
_3RU\NLR\auth\773266
_9113272
801 0 _aRU
_bРКП
_c20060317
_grcr
801 1 _aRU
_bРГБ
_c20060317
801 2 _aRU
_bNLR
_c20060420
_grcr
942 _cBOOK
980 _aNB